BVB Kader 19/20 - Statistiken

Allgemein
  • Dieses Quiz wurde 617 mal gespielt
  • Das Durchschnittsergebnis liegt bei 14 aus 25
Antwortstatistiken
Spieler % Korrekt
Reus
97%
Bürki
96%
Hummels
94%
Sancho
84%
Hitz
83%
Akanji
77%
Brandt
77%
Schmelzer
69%
Götze
65%
Witsel
65%
Zagadou
65%
Hazard
64%
Alcacer
62%
Guerreiro
61%
Dahoud
55%
Schulz
55%
Hakimi
50%
Delaney
43%
Piszczeck
41%
Weigl
35%
Morey
31%
Favre
20%
Bruun Larsen
19%
Balerdi
18%
Ölschlägel
10%
Keine übereinstimmenden Quizze gefunden
Verteilung der Resultate
Anzahl Personen mit jedem Resultat
Perzentil nach korrekt beantworteten Fragen
Ihre Resultats-Entwicklung
Sie haben dieses Quiz noch nicht gespielt